Science Quiz

Random Science or Elements Quiz

Group 14 Elements Quiz Stats

 Plays Quiz Updated Mar 30, 2020

Support Sporcle.
Go Orange.
Score 0/6 Timer 01:00
1 Play Today
% Correct
carbon
98.3%
silicon
70.9%
germanium
56.1%
lead
54.6%
tin
52.8%
flerovium
32%

You're not logged in!

Compare scores with friends on all Sporcle quizzes.
OR
Log In

From the Vault

Michael Who?

by wilycub

Oh yeah, Michael Who. We remember him. He's the guy who founded The Who, right?
Remove Ads.
Support Sporcle.
Get the best of Sporcle when you Go Orange. This ad-free experience offers more features, more stats, and more fun while also helping to support Sporcle. Thank you for becoming a member.

Show Comments

Extras

Top Quizzes Today


Score Distribution

Your Account Isn't Verified!

In order to create a playlist on Sporcle, you need to verify the email address you used during registration. Go to your Sporcle Settings to finish the process.

Report this User

Report this user for behavior that violates our Community Guidelines.

Details: